Bepečnost potravin v České republice

Pojem potravinová bezpečnosť. Faktory ovplyvňujúce potravinovú bezpečnosť. Úloha Európskej únie v systéme bezpečnosti potravín.

Salvato in:
Dettagli Bibliografici
Autore principale: Lukášková, Eva
Altri autori: Málek, Zdeněk
Natura: Capitolo di libro
Lingua:ceco
Soggetti:
Tags: Aggiungi Tag
Nessun Tag, puoi essere il primo ad aggiungerne!!

MARC

LEADER 00000naa a2200000 4500
001 0208146
005 20231127124804.2
041 0 |a cze 
044 |a CZ 
245 1 0 |a Bepečnost potravin v České republice  |c Eva Lukášková, Zdeněk Málek 
520 |a Pojem potravinová bezpečnosť. Faktory ovplyvňujúce potravinovú bezpečnosť. Úloha Európskej únie v systéme bezpečnosti potravín. 
610 2 0 |a Česko 
610 2 0 |a Európska únia 
610 2 0 |a kvalita potravín 
610 2 0 |a politika bezpečnostná 
610 2 0 |a bezpečnosť potravinová 
100 1 |a Lukášková, Eva 
700 1 |a Málek, Zdeněk